000
00212 a2200109 4500
020
_a
081413004991
041
_a
spa
100
_a
Anonimo
245
_a
The Meerriam Webster Thesaurus
942
_c
BK
952
_7
1
999
_c
17321
_d
17321